000 00576nmm a2200205Ia 4500
008 251105s9999||||xx |||||||||||||||||und||
020 _a9788496231535
041 _aspa
100 _aRohde, Katrin
245 0 _aMama Tenga :
_b Mi vida en África.
264 _a[Madrid, España] :
_bMaeva Ediciones,
_c2005
300 _a0 páginas
490 _aMemorias
650 _aOther narratives
700 _aRohde, Katrin
700 1 _a Díez Pérez, Mª José
700 1 _a Friera Acebal, Diego
856 _uhttps://public.digitaliapublishing.com/a/31489
942 _cCF
999 _c70688
_d70688